Joueurs de l'équipe de France de football A-Z - Statistiques

Statistiques générales
  • Ce quiz a été pris 285 fois
  • Le résultat moyen est 16 sur 26
Statistiques - réponses
Lettre Nombre Nom du joueur % Correct
B 108 Ba | Badé | Badiashile | Baeza | Baillot | Baills | Bakayoko | Banide | Baraffe | Barat | Baratelli | Baratte | Barcola | Bard | Bardot | Baron | Baronchelli | Barreau | Barthez | Bastien | Bathenay | Batmale | Baton | Bats | Batteux | Battiston | Baumann | Bayrou | Beau | Beaucourt | Beaudier | Beck | Bel | Bellocq | Bellone | Belver | Ben | Ben | Ben | Ben | Ben | Ben | Ben | Benouna | Benzema | Berdoll | Bereta | Berg | Bergeroo | Bernard | Berthelot | Bertrand | Bertrand-Demanes | Betta | Biancheri | Bibard | Bieganski | Bigot | Bigué | Bihel | Bijotat | Bilot | Bilot | Blanc | Blanchet | Bliard | Bloch | Blondeau | Bloquel | Boghossian | Boissier | Boli | Bollini | Bon | Bonello | Bongiorni | Bonifaci | Bonnardel | Bonnel | Bonnet | Bosquier | Bossis | Boucher | Boumsong | Bourbotte | Bournonville | Boury | Bousdira | Boyer | Bracci | Brahimi | Bras | Braun | Bravo | Brébion | Bréchet | Briand | Brisson | Broissart | Brouzes | Bruat | Bruey | Brunel | Brusseaux | Budzynski | Buré | Buron | Buscher
96%
D 91 Dabo | Dacourt | Dakowski | Dalger | Dambach | Dangles | Dard | Darques | Darui | Dastarac | Dauphin | Davy | De | De | Debuchy | Dedieu | Défossé | Degouve | Déhu | Del | Deladerrière | Delamontagne | Delannoy | Delfour | Delmer | Deloffre | Dembélé | Denis | Denis | Denis | Depaepe | Dereuddre | Desailly | Deschamps | Desgranges | Despeyroux | Desrousseaux | Desrousseaux | Devaquez | Devaux | Devic | Dhorasoo | Dhur | Di | Di | Di | Diaby | Diaby | Diagne | Diarra | Diarra | Dib | Digne | Diomède | Disasi | Divert | Djetou | Djorkaeff | Djorkaeff | Dogliani | Dogon | Dombeck | Domenech | Domergue | Domergue | Domingo | Domingo | Doué | Douis | Doye | Dropsy | Du | Dubly | Dubly | Dubly | Dubois | Dubreucq | Dubus | Ducret | Dufour | Dugarry | Duhart | Dujardin | Dupoix | Dupuis | Durand | Durand | Durbec | Dusart | Dutheil | Dutruel
96%
G 73 Gabet | Gabrillargues | Galey | Gallas | Gallay | Gallice | Gallice | Gamblin | Gameiro | Garande | Garde | Gardien | Gardon | Garnier | Garriga | Gastiger | Gauteroux | Gava | Gemmrich | Genghini | Gérard | Germain | Geronimi | Geronimi | Gianessi | Gignac | Gigot | Gillet | Gindrat | Ginola | Girard | Giresse | Giroud | Giuly | Givet | Glovacki | Gnako | Goma | Gomis | Gonalons | Gondet | Gonzales | Gosselin | Gouin | Goujon | Gourcuff | Govou | Grava | Gravelaine | Gravelines | Gravier | Grégoire | Grenier | Gress | Gressier | Griezmann | Grillet | Grillon | Gross | Grumellon | Guéguen | Guendouzi | Guérin | Guérin | Guerre | Guichard | Guilavogui | Guillas | Guillou | Guivarc’h | Gusto | Guy
93%
M 78 M’vila | Macquart | Madar | Maës | Mahi | Mahjoub | Mahut | Maignan | Mairesse | Makélélé | Malouda | Mandanda | Mangala | Marc | Marcel | Marchal | Marche | Mariot | Marlet | Martial | Martin | Martini | Martins | Maschinot | Masnaghetti | Massip | Mathaux | Mathé | Mathieu | Mathieu | Mattler | Matuidi | Maurice | Mavuba | Mbappé | Méano | Mekhloufi | Mendy | Mendy | Mendy | Ménez | Mercery | Merchadier | Mercier | Mercier | Mercier | Mercier | Meresse | Meriem | Mesnier | Meunier | Meuris | Mexès | Meyer | Meynieu | Mézy | Micciche | Michel | Michelin | Micoud | Mihoubi | Mindonnet | Mistral | Mitoraj | Moigneu | Moizan | Molitor | Monsallier | Montagne | Mony | Mony | Moreel | Moreira | Morel | Moulène | Mouton | Mukiele | Muller
93%
L 62 Lacazette | Lacombe | Lafont | Lafouge | Laigle | Lama | Lamia | Lamouchi | Lamy | Landreau | Langenove | Langiller | Larios | Larqué | Laslandes | Laurent | Laurent | Laurey | Lauri | Lavaud | Le | Le | Le | Leblond | Lebœuf | Lech | Lechantre | Lecornu | Leduc | Lehmann | Lemaître | Lemar | Lemerre | Lemoult | Lenglet | Lenoble | Lerond | Lesmann | Lesur | Letailleur | Letizi | Leveugle | Lherminé | Libérati | Lieb | Lienert | Liétaer | Liminana | Lizarazu | Llense | Lloris | Loko | Loncle | Lopez | Loubet | Loubière | Louis | Lozès | Luciano | Ludo | Lukeba | Luyindula
89%
K 31 Kaboul | Kaelbel | Kalulu | Kamara | Kanté | Kapo | Karembeu | Kargu | Kastendeuch | Kaucsar | Kauffmann | Keller | Keller | Keller | Kenner | Kéruzoré | Kimpembe | Kolo | Konaté | Kondogbia | Koné | Kopa | Koranyi | Korb | Koscielny | Koundé | Kowalczyk | Koza | Krawczyk | Kress | Kurzawa |
86%
P 52 Pacot | Paille | Papi | Papin | Parachini | Pardo | Parizon | Parsys | Passi | Pavard | Pavillard | Payen | Payet | Pazur | Pécout | Pedretti | Pedros | Penverne | Perez | Péri | Petel | Petit | Petit | Petit | Peyroche | Piantoni | Piasecki | Picy | Pierre | Pinel | Pintenat | Piquionne | Pirès | Pironti | Piumi | Planus | Platini | Plea | Pleimelding | Pleimelding | Pogba | Poirier | Polge | Porato | Pouget | Poullain | Poullain | Pozo | Prouff | Provelli | Prunier | Puget
86%
Z 14 Zaïre-Emery | Zanon | Zatelli | Zebina | Zehren | Zeiger | Zénier | Zermani | Zidane | Zimako | Zimny | Zitouni | Zouma | Zvunka
83%
A 29 Abbes | Abidal | Accard | Adamczyk | Adams | Aguilar | Albert | Alcazar | Allé | Allègre | Allemane | Alpsteg | Amalfitano | Amisse | Amoros | Anatol | André | Anelka | Angloma | Antoinette | Anziani | Aouar | Aréola | Arnaudeau | Artélésa | Aston | Aubour | Ayache | Aznar
81%
C 82 Cabaye | Cabella | Cahuzac | Caillet | Camara | Camard | Camavinga | Camerini | Candela | Canelle | Canthelou | Cantona | Capelle | Capoue | Cardiet | Carnus | Carpentier | Carrasso | Carré | Carré | Carrière | Casolari | Casoni | Castaneda | Cazenave | Chaisaz | Chandelier | Chantôme | Chantrel | Charbit | Charbonnier | Chardar | Charles-Alfred | Charrier | Chauveau | Chayriguès | Cherki | Chesneau | Cheuva | Cheyrou | Chiarelli | Chiesa | Chillan | Chimbonda | Chorda | Christanval | Christophe | Ciani | Cicci | Cisowski | Cissé | Cissokho | Clauss | Clerc | Clère | Clichy | Coat | Cocard | Colonna | Coman | Combin | Compérat | Corchia | Cornu | Cossou | Coste | Costil | Cottenet | Cottenier | Couécou | Coupet | Couriol | Courquin | Courtin | Courtois | Crozier | Crut | Cuissard | Curbelo | Curyl | Cyprès | Cyprien
80%
T 33 Taillandier | Taisne | Tassin | Tchouaméni | Tellechea | Tempet | Tempowski | Tessier | Thauvin | Thédié | Thépot | Thouvenel | Thuram | Thuram | Thuram | Tibeuf | Tigana | Tilliette | Todibo | Tolisso | Tossier | Touffait | Toulalan | Touré | Tousset | Trémoulinas | Trésor | Trezeguet | Triantafilos | Triboulet | Truffert | Tusseau | Tylinski
76%
H 30 Haan | Hanot | Hausser | Hédiart | Heiné | Heisserer | Henric | Henry | Herbet | Herbin | Hernandez | Hernandez | Heutte | Hiard | Hidalgo | Hiden | Hiltl | Hitzel | Hoarau | Hoenen | Holgard | Hon | Horlaville | Hornus | Houyvet | Huck | Hugues | Huguet | Huot | Hurtevent
75%
V 30 Vaast | Vahirua | Vairelles | Valbuena | Van | Vanco | Vandendriessche | Vandooren | Vandooren | Vannucci | Varane | Vascout | Vasse | Veinante | Verbrugge | Vercruysse | Veretout | Vergnes | Verlet | Verriest | Vial | Vialaret | Viallemonteil | Vieira | Vignal | Vignoli | Villaplane | Vincent | Vogel | Voyeux
72%
R 53 Rabiot | Rahis | Rambert | Ramé | Rami | Rampillon | Ranzoni | Ravier | Remetter | Rémy | Renaux | Renaux | Rénier | Repellini | Réveillère | Revelli | Revelli | Rey | Ribéry | Rico | Rigal | Rio | Rio | Robert | Robin | Robuschi | Roche | Rochet | Rocheteau | Rodighiéro | Rodriguez | Rodriguez | Rodzik | Roessler | Rohr | Rolhion | Rollet | Romano | Romano | Rose | Rostagni | Roth | Rothen | Rouches | Rousset | Roussey | Rouyer | Roy | Royet | Ruffier | Ruminski | Rust | Ryssen
68%
S 65 Sagna | Sagnol | Saha | Sahnoun | Sakho | Saliba | Salva | Salvano | Samba | Samuel | Sarramagna | Sartorius | Sassus | Sauvage | Sauzée | Savidan | Schaff | Scharwath | Schmitt | Schneiderlin | Schubart | Schultz | Scotti | Sécember | Segalen | Sellier | Sénac | Sénac | Sentubéry | Sergent | Sesia | Seyler | Siatka | Sidibé | Silvestre | Silvestre | Simba | Simon | Simonyi | Sinama-Pongolle | Sinibaldi | Sinibaldi | Sissoko | Six | Six | Skiba | Soler | Sollier | Sonor | Sottiault | Specht | Squillaci | Stako | Stievenard | Stopyra | Stopyra | Strappe | Stricanne | Stuttler | Suaudeau | Swiatek | Synaeghel | Synakowski | Szczepaniak | Szkudlapski
66%
F 38 Faivre | Fanni | Fargeon | Farison | Faroux | Farvacques | Faubert | Faure | Fekir | Fenouillère | Fernandez | Ferratge | Ferreri | Ferrero | Ferri | Ferrier | Fidon | Fievet | Filez | Finot | Firoud | Flamini | Flamion | Floch | Fofana | Fofana | Foix | Fontaine | Fosset | Fournier | François | François | Frémont | Frey | Frey | Friess | Frutuoso | Fulgenzi
59%
U 33 Ujlaki | Umtiti | Upamecano
58%
N 15 N’Gotty | N’Zogbia | Nasri | Ndombele | Née | Nicolaï | Nicolas | Nicolas | Nkunku | Novi | Novicki | Ntep | Nuic | Nzonzi
57%
J 21 Jacolliot | Jacowski | Jacques | Jacquet | Jadrejak | Jallet | Janin | Janvion | Jasseron | Jeannol | Jenicot | Jodar | Jonquet | Jordan | Jourda | Jourde | Jouve | Jouve | Joyaut | Julien | Jurietti |
47%
E 8 Eloy | Emon | Eon | Escudé | Estève | Ettori | Eucher | Evra
40%
W 11 Wagner | Wallet | Walter | Watteau | Wattine | Weiskopf | Wendling | Wibaut | Wild | Wilkes | Wiltord | Wisniewski
32%
O 9 Olagnier | Olise | Oliver | Olivier | Orlanducci | Osman | Ouédec | Ourdouillié | Ouvray
22%
I 3 Ibrir | Ikoné | Isbecque
17%
X 1 Xuereb
13%
Y 1 Yanga-Mbiwa
3%
Q 2 Quenolle | Quittet
0%
Aucun quiz correspondant
Distribution des résultats
% des personnes avec chaque résultat
Percentile par nombre de réponses
Votre historique - résultats
Vous n’avez pas pris ce quiz